Statistics for Cities by famous people

Click here to take the quiz!

General Stats

  • This quiz has been taken 39 times
  • The average score is 10 of 15

Answer Stats

HintAnswer% Correct
Plato, Pericles, CleisthenesAthens
89%
Ichiyō Higuchi, Yoko Ono, Hayao MiyazakiTokyo
86%
George Harrison, Tom Baker, Trent Alexander-ArnoldLiverpool
84%
Steve Irwin, Kylie Minogue, Phil RuddMelbourne
78%
Boris Johnson, Zaid Abdul-Aziz, Neil deGrasse TysonNew York
78%
Marie Curie, Benoit Mandelbrot, Anna HeldWarsaw
76%
Natalie Portman, Edward Said, Yitzhak RabinJerusalem
73%
Friedrich Hayek, Marie Antoinette, Alma Maria RoseVienna
73%
Shelly-Ann Fraser-Pryce, Ziggy Marley, Patrick EwingKingston
70%
The Weeknd, Jim Carey, Wayne SimmondsToronto
65%
Gamal Abdel Nasser, Omar Sharif, Haim ShabanAlexandria
62%
Trevor Noah, Neill Blomkamp, Miriam MakebaJohannesburg
62%
Alexander Graham Bell, Marie Stopes, David HumeEdinburgh
59%
Marlon Brando, Warren Buffet, Malcom XOmaha
46%
Bong Joon-Ho, Park Geun-hye, Song Hye-kyoDaegu
32%

Score Distribution

Percentile by Number Answered

Percent of People with Each Score

Your Score History

You have not taken this quiz